Dutchmen to play in the Premier League Quiz Stats

 Plays Quiz not verified by Sporcle

Score 0/120 Timer 20:00
0 Plays Today
Last/current PL club Player % Correct
Arsenal Dennis Bergkamp
91.2%
Man Utd Robin van Persie
85.7%
Chelsea Arjen Robben
69.4%
Man Utd Ruud van Nistelrooy
68.7%
Man Utd Edwin van der Sar
65.6%
Man Utd Daley Blind
64.3%
Arsenal Marc Overmars
59.2%
Man Utd Memphis Depay
57.7%
Liverpool Dirk Kuyt
55%
Liverpool Georginio Wijnaldum
52.3%
Man Utd Jaap Stam
49.4%
WiganRonnie Stam
48.5%
TottenhamRafael van der Vaart
47.6%
Southampton Virgil van Dijk
46.8%
Man City Nigel de Jong
44.2%
NewcastleSiem de Jong
44.1%
NewcastleLuuk de Jong
43.9%
NewcastleTim Krul
41.5%
CharltonJimmy Floyd Hasselbaink
38.8%
TottenhamVincent Janssen
37.9%
Crystal PalacePatrick van Aanholt
35.1%
Aston VillaRon Vlaar
34.6%
Chelsea Ruud Gullit
33.9%
EvertonMaarten Stekelenburg
33.6%
Arsenal Giovanni van Bronckhorst
33.4%
SwanseaLeroy Fer
33.2%
TottenhamMichel Vorm
32.6%
Watford Daryl Janmaat
32%
Liverpool Ryan Babel
31.3%
NewcastlePatrick Kluivert
29.8%
Fulham Chris David
29.4%
Fulham John Heitinga
27.7%
Man Utd Timothy Fosu-Mensah
27.6%
ChelseaNathan Ake
27.1%
Southampton Jordy Clasie
26.8%
Stoke City Bruno Martins Indi
26.4%
TottenhamEdgar Davids
25.5%
Middlesbrough Marten de Roon
25.5%
Sunderland Boudewijn Zenden
24.7%
Stoke City Erik Pieters
24.1%
Last/current PL club Player % Correct
StokeMarco van Ginkel
23.5%
StokeIbrahim Afellay
23.3%
NewcastleVurnon Anita
22.4%
Man Utd Jordi Cruyff
19.6%
Norwich City Ricky van Wolfswinkel
19.4%
Man Utd Alexander Buttner
18%
Chelsea Ed de Goey
17.9%
SwanseaLuciano Narsingh
17.5%
WiganMario Melchiot
17.2%
Nottingham Forest Pierre van Hooijdonk
16.4%
Chelsea Winston Bogarde
16.4%
Everton Andy van der Meyde
16.4%
Chelsea Khalid Boulahrouz
16.1%
Chelsea Jeffrey Bruma
16%
Sunderland Jeremain Lens
15.5%
Man Utd Raimond van der Gouw
15%
Everton Royston Drenthe
14.2%
SwanseaJonathan de Guzman
13.6%
Southampton Eljero Elia
13.2%
Middlesbrough Michael Reiziger
13%
SwanseaMike van der Hoorn
12.6%
Aston Villa Wilfred Bouma
12.6%
Liverpool Jan Kromkamp
11.9%
Everton Sander Westerveld
11.1%
BlackburnAndre Ooijer
11%
HullGeorge Boateng
10.9%
Fulham Collins John
10.7%
HullJan Vennegoor of Hesselink
10.6%
PortsmouthArjan de Zeeuw
10.5%
SwanseaMarvin Emnes
9.2%
Sheff. WedWim Jonk
9.1%
Nottingham Forest Bryan Roy
8.4%
Arsenal Glenn Helder
8.3%
Man City Paul Bosvelt
6.8%
Watford Steven Berghuis
6.4%
WiganDenny Landzaat
6.3%
Man City Karim Rekik
5.8%
Fulham Urby Emanuelson
5.5%
Southampton Jos Hooiveld
4.8%
WiganDaniel de Ridder
4.7%
Last/current PL club Player % Correct
Sheff. WedRegi Blinker
4.5%
SwanseaDwight Tiendalli
4.3%
WolvesDorus de Vries
4.2%
Liverpool Erik Meijer
4.1%
West HamMarco Boogers
4.1%
Man City Kiki Musampa
4%
West BromRyan Donk
3.9%
DerbyRon Willems
3.8%
IpswichMartijn Reuser
3.8%
Southampton Ken Monkou
3.7%
BlackburnMaceo Rigters
3.6%
BlackburnRichard Witschge
3.5%
West BromGianni Zuiverloon
3.1%
Man City Michel Vonk
3%
Southampton Ulrich van Gobbel
2.9%
BradfordRobert Molenaar
2.8%
TottenhamWillem Korsten
2.7%
Aston Villa Stefan Postma
2.6%
Sheff. WedGerald Sibon
2.6%
DerbyRobin van der Laan
2.2%
Man City Gerard Wiekens
2.2%
Watford Nordin Wooter
2.1%
IpswichFabian Wilnis
1.7%
BoltonRichard Sneekes
1.7%
LeedsClyde Wijnhard
1.7%
Sheff. WedOrlando Trustfull
1.7%
West HamJeroen Boere
1.6%
NewcastleJohn Karelse
1.5%
TottenhamHans Segers
1.5%
BoltonFabian de Freitas
1.5%
BoltonRiga Mustapha
1.5%
Fulham Bobby Petta
1.4%
Man City Alfons Groenendijk
1.4%
QPRSieb Dijkstra
1.4%
IpswichNabil Abidallah
1.3%
West BromSherjill MacDonald
1.3%
SwindonLuc Nijholt
1.2%
Barnsley Laurens ten Heuvel
1.1%
Portsmouth Harald Wapenaar
1.1%
OldhamOrpheo Keizerweerd
0.8%

You're not logged in!

Compare scores with friends on all Sporcle quizzes.
OR
Log In

Sporcle TV

Today on Sporcle TV


Watch our educational content, quiz creation guides, and fun videos on Sporcle TV.

Show Comments

Extras

Top Quizzes Today


Score Distribution

Your Account Isn't Verified!

In order to create a playlist on Sporcle, you need to verify the email address you used during registration. Go to your Sporcle Settings to finish the process.

Report this User

Report this user for behavior that violates our Community Guidelines.

Details: